Music and mathematics : μεταπτυχιακή εργασία

Η μουσική και τα μαθηματικά είναι δύο επιστήμες με μεγάλη σχέση μεταξύ τους. Από την αρχαιότητα αλληλεπιδρούν μεταξύ τους και η αλληλεπίδραση αυτή φτάνει μέχρι τις μέρες μας. Η πρώτη σύνδεση της μουσικής με τα μαθηματικά έγινε πριν από 26 αιώνες στην αρχαία Ελλάδα από τον Πυθαγόρα, ο οποίος γνώριζε...

Πλήρης περιγραφή

Αποθηκεύτηκε σε:
Λεπτομέρειες βιβλιογραφικής εγγραφής
Κύριος συγγραφέας: Μπεγέτης, Ευάγγελος
Συγγραφή απο Οργανισμό/Αρχή: Πανεπιστήμιο Αιγαίου. Σχολή Θετικών Επιστημών. Τμήμα Μαθηματικών. Μεταπτυχιακό Πρόγραμμα Σπουδών Μαθηματική Μοντελοποίηση στις Φυσικές Επιστήμες και στις Σύγχρονες Τεχνολογίες
Μορφή: Thesis Βιβλίο
Γλώσσα:English
Δημοσίευση: 2011.
Θέματα:
Διαθέσιμο Online:http://hdl.handle.net/11610/12184
Ετικέτες: Προσθήκη ετικέτας
Δεν υπάρχουν, Καταχωρήστε ετικέτα πρώτοι!

MARC

LEADER 00000cam a2200000 i 4500
001 1/18080
008 120223s2011 gr | ||| |||| ||eng||
035 |l 10111946 
040 |a GR-MyUA  |b gre  |e AACR2 
041 0 |a eng 
082 0 |a 781.2  |2 (22) 
100 1 |a Μπεγέτης, Ευάγγελος. 
245 1 0 |a Music and mathematics :   |b μεταπτυχιακή εργασία /   |c Begetis Evangelos ; επιβλέπων καθηγητής Ανδρέας Παπασαλούρος.  
260 |c 2011.  
300 |a xiv, 175 σ. :   |b εικ., σχέδια ;   |c 30 εκ.  
500 |a Μέλη της εξεταστικής επιτροπής: Μιχάλης Ανούσης, Ανδρέας Φελουζής, Ανδρέας Παπασαλούρος.  
502 |a Διατριβή (μεταπτυχιακή) – Πανεπιστήμιο Αιγαίου, Σάμος, 2011. 
504 |a Βιβλιογραφία: σ. [169]-175.  
506 0 |a Διάθεση πλήρους κειμένου - Ελεύθερη πρόσβαση.  
520 |a Η μουσική και τα μαθηματικά είναι δύο επιστήμες με μεγάλη σχέση μεταξύ τους. Από την αρχαιότητα αλληλεπιδρούν μεταξύ τους και η αλληλεπίδραση αυτή φτάνει μέχρι τις μέρες μας. Η πρώτη σύνδεση της μουσικής με τα μαθηματικά έγινε πριν από 26 αιώνες στην αρχαία Ελλάδα από τον Πυθαγόρα, ο οποίος γνώριζε πολύ καλά τη σχέση της μουσικής με τους αριθμούς. Σε αυτήν την μεταπτυχιακή εργασία θα προσπαθήσουμε να δούμε τη μουσική από μαθηματική σκοπιά και να ερευνήσουμε με ποιούς κλάδους των μαθηματικών έχει συγγενικές σχέσεις μεταφράζοντάς τη σε όσο πιο απλά μαθηματικά μπορούμε. 
520 |a Music and mathematics are two fields with a great relationship between them.Their relation has started since antiquity and this interaction reaches nowadays.The first connection between music and mathematics took place before 26 centuriesin ancient Greece by Pythagoras, who knew very well the relationshipbetween music and numbers.In this thesis we will present some basic info about music its physics andtheory and consequently we will discuss about how and in which topics musicis related to mathematics. 
540 |a Κλειδωμένη η δυνατότητα αντιγραφής (copy) του κειμένου.  
610 2 0 |a University of the Aegean  |x Dissertations. 
650 0 0 |a Music  |x Mathematics. 
650 0 0 |a Dissertations, Academic  |z Greece. 
700 1 |a Παπασαλούρος, Ανδρέας,  |e dgs 
710 2 |a Πανεπιστήμιο Αιγαίου.   |b Σχολή Θετικών Επιστημών.   |b Τμήμα Μαθηματικών.   |b Μεταπτυχιακό Πρόγραμμα Σπουδών Μαθηματική Μοντελοποίηση στις Φυσικές Επιστήμες και στις Σύγχρονες Τεχνολογίες. 
852 |a INST  |b SAMOS  |c DIATR  |e 20120223  |h 781.2 ΜΠΕ  |p 005300033991  |q 005300033991  |t MTXE  |y 23 
852 |a INST  |b SAMOS  |c DIATR  |e 20120223  |h 781.2 ΜΠΕ  |p 005300033992  |q 005300033992  |t MTXE  |y 23 
856 |u http://hdl.handle.net/11610/12184  
901 |a BIBL3-2012-1 
909 |a Σ  |b 171935 
909 |a Σ  |b 171936 
924 |a ΜΠΕΓΕΤΗΣ  |b ΕΥΑΓΓΕΛΟΣ  |y Σάμος  |z 2011-12 
970 |a ΚΟΣΙΕΡΗΣ  |b ΧΡΗΣΤΟΣ  |z 2012/02/23